| 000 | 00784nam a2200169Ia 4500 | ||
|---|---|---|---|
| 008 | 090711s9999 xx 000 0 und d | ||
| 082 | _b9968 | ||
| 100 | _aलेले रा. के. | ||
| 245 | _aवामन गणेश हरSोकर या पेढीSया व्यापारी जीवनाSाी 25वर्षे | ||
| 260 | _c1951 | ||
| 300 | _a108 | ||
| 600 | _aलेले रा. के. | ||
| 630 | _aवामन गणेश हरSोकर या पेढीSया व्यापारी जीवनाSाी 25वर्षे | ||
| 700 | _aलेले रा. के. | ||
| 730 | _aवामन गणेश हरSोकर या पेढीSया व्यापारी जीवनाSाी 25वर्षे | ||
| 942 | _cBOOK | ||
| 999 |
_c317219 _d317219 |
||